zpět

Detail výsledku týmu

Bounty Rock Cafe, Olomouc

Datum a čas kvízu

21.5 Celkem bodů Celkový počet nahraných bodů na tomto kvízu bez doplňovacích otázek.
8. Pořadí na kvízu Konečné umístění týmu na tomto kvízu.

Zaznamenané odpovědi

# Otázka Odpověď Body Výsledky
1. Premiér Petr Fiala začal natáč... z Kramářovy vily 0
2. Chorvatská národní banka oznám... kuna 0
3. Ve čtvrtek začal již 72. roční... Berlinale 0
4. Jedna automobilka mění podobu... Rolls-Royce 1
5. NBA zaznamenala minulý týden n... James Harden 1
6. Začneme jedním ze základních a... 1C 2A 3B 4D 0
7. Pokud byste se chtěli naučit k... pravou mozkovou hemisférou 1
8. Který španělský malíř žijící v... Francisco Goya 0
9. Vedle klasických pastelek, jak... akvarelové 1
10. Firma Koh-i-noor Hardtmuth je... v Českých Budějovicích 1